Statistiques concernant Titres de 5SOS

Cliquez ici pour prendre le quiz!

Statistiques générales

  • Ce quiz a été pris 13 fois
  • Le résultat moyen est 63 sur 111

Statistiques - réponses

HintRéponse% Correct
Amnesia
90%
BBabylon
90%
Good Girls
90%
She Looks So Perfect
90%
AAirplanes
80%
Better Man
80%
Broken Home
80%
CCaramel
80%
Carousel
80%
Don't Stop
80%
Emotions
80%
English Love Affair
80%
GGhost Of You
80%
Heartbreak Girl
80%
JJet Black Heart
80%
Lonely Heart
80%
Lover Of Mine
80%
Moodswings
80%
Outer Space/ Carry On
80%
Voodoo Doll
80%
Why Won't You Love Me
80%
Bad Omens
70%
Bloodhound
70%
Empty Wallets
70%
FFlatline
70%
High
70%
IIf Walls Could Talk
70%
If You Don't Know
70%
LLie To Me
70%
Meet You There
70%
Money
70%
No Shame
70%
Not In The Same Way
70%
Older
70%
OOld Me
70%
RRed Desert
70%
She's Kinda Hot
70%
Tears!
70%
Thin White Lies
70%
Vapor
70%
Waste The Night
70%
Who Do You Love
70%
Wrapped Around Your Finger
70%
Youngblood
70%
#18
60%
Beside You
60%
Best Friends
60%
Best Years
60%
Broken Pieces
60%
Castaway
60%
DDaylight
60%
EEasier
60%
Hey Everybody!
60%
KKill My Time
60%
Kiss Me Kiss Me
60%
More
60%
Red Line
60%
Safety Pin
60%
SSan Francisco
60%
TTake My Hand
60%
Teeth
60%
WWant You Back
60%
Wildflower
60%
2011
50%
Complete Mess
50%
Disconnected
50%
Everything I Didn't Say
50%
Girls Talk Boys
50%
Greenlight
50%
HHaze
50%
Invisible
50%
Lost Boy
50%
MMe Myself and I
50%
Monster Among Men
50%
PPermanent Vacation
50%
VValentine
50%
American Idiot
40%
Bleach
40%
Blender
40%
Catch Fire
40%
Easy For You To Say
40%
End Up Here
40%
Heartache on the Big Screen
40%
Just Saying
40%
Lost In Reality
40%
Mrs All American
40%
Over and Out
40%
Rejects
40%
Story Of Another Us
40%
Talk Fast
40%
The Girl Who Cried Wolf
40%
Woke Up in Japan
40%
Close As Strangers
30%
Fly Away
30%
Gotta Get Out
30%
Killer Queen
30%
Long Way Home
30%
NNever Be
30%
Out Of My Limit
30%
Social Casualty
30%
The Space Between a Rock and a Hard Place
30%
Tommorrow Never Dies
30%
Try Hard
30%
UUnpredictable
30%
What I Like About You
30%
Wherever You Are
30%
500 Years of Winter
20%
Moving Alone
20%
The Only Reason
20%
Independence Day
10%
YYou Don't Go To Paradise
0%

Distribution des résultats

Percentile par nombre de réponses

% des personnes avec chaque résultat

Votre développement - résultats

Vous n’avez pas pris ce quiz